Spotlight (Record no. 76480)

MARC details
000 -LEADER
fixed length control field 00665cab a2200169 4500
001 - CONTROL NUMBER
control field ##L132507
008 - FIXED-LENGTH DATA ELEMENTS--GENERAL INFORMATION
fixed length control field 060214n2006 000 0 eng u
035 ## - SYSTEM CONTROL NUMBER
System control number (Sirsi) u132507
041 0# - LANGUAGE CODE
Language code of text/sound track or separate title eng
245 00 - TITLE STATEMENT
Title Spotlight
Remainder of title clients lose out as accountants fail to exploit capital allowances
260 ## - PUBLICATION, DISTRIBUTION, ETC.
Date of publication, distribution, etc. 2006
490 #0 - SERIES STATEMENT
Series statement Accountancy
Volume/sequential designation 137(1350) February 2005, 19(1)
520 ## - SUMMARY, ETC.
Summary, etc. Warns that businesses are losing out because as a third of accountants doing know whether or not it is worth considering capital allowances as part of property transactions.
590 ## - LOCAL NOTE (RLIN)
Local note IKA140206
690 ## - LOCAL SUBJECT ADDED ENTRY--TOPICAL TERM (OCLC, RLIN)
Topical term or geographic name as entry element PROPERTY-COMMERCIAL PROPERTY-COMMERCIAL PROPERTY TAXATION
942 ## - ADDED ENTRY ELEMENTS (KOHA)
Suppress in OPAC 0
Holdings
Withdrawn status Lost status Source of classification or shelving scheme Damaged status Not for loan Home library Current library Shelving location Date acquired Total Checkouts Full call number Barcode Date last seen Copy number Price effective from Koha item type
    Dewey Decimal Classification     London London Journal article 14/02/2006   L132507 132507-1001 06/08/2019 1 06/08/2019 Journal article